Jasper's kitchen cookbook : Italian recipes and memories from Kansas city's legendary restaurant (Record no. 222931)

MARC details
000 -LEADER
fixed length control field 00708nam a2200217Ia 4500
008 - FIXED-LENGTH DATA ELEMENTS--GENERAL INFORMATION
fixed length control field 191130s2009##################000#0#eng##
020 ## - INTERNATIONAL STANDARD BOOK NUMBER
ISBN 9780740778629
082 ## - DEWEY DECIMAL CLASSIFICATION NUMBER
Classification number 641.5945 MIR
100 ## - MAIN ENTRY--AUTHOR NAME
Personal name Mirabile, Jasper J
245 ## - TITLE STATEMENT
Title Jasper's kitchen cookbook : Italian recipes and memories from Kansas city's legendary restaurant
Statement of responsibility, etc Jasper J. Mirabile, Jr
260 ## - PUBLICATION, DISTRIBUTION, ETC. (IMPRINT)
Place of publication Kansas City, MO
Name of publisher Andrews McMeel Pub
Year of publication 2009
300 ## - PHYSICAL DESCRIPTION
Number of Pages x, 165 p. : ill. ; 23 cm
500 ## - GENERAL NOTE
General note Includes index
650 ## - SUBJECT ADDED ENTRY--TOPICAL TERM
Topical Term Cooking, Italian
Topical Term Jasper's (Restaurant : Kansas City, Mo.)
991 ## -
-- 315968
Holdings
Withdrawn status Lost status Damaged status Not for loan Home library Current library Shelving location Date acquired Full call number Accession Number Price effective from Koha item type
        Anna Centenary Library Anna Centenary Library 6TH FLOOR, A WING 13.10.2020 641.5945 MIR 465839 13.10.2020 English Books

Find us on the map